| 000 | 00539nam a2200181 a 4500 | ||
|---|---|---|---|
| 005 | 20210219150717.0 | ||
| 008 | 991125s1972 mad 000 0 spa u | ||
| 035 | _aUPN01000019896 | ||
| 049 | _aCG | ||
| 050 | 4 |
_aPE1129 F8 _bG3.4 |
|
| 100 | 1 | _aGantier, Helene | |
| 245 | 1 | 3 |
_aLa enseñanza de idiomas / _cHelene Gantier ; tr. Daniel Vidal |
| 260 |
_aMadrid : _bFax : _bMarova, _c1972. |
||
| 300 | _a193 p. | ||
| 440 | 0 |
_aBiblioteca del educador ; _v5 |
|
| 650 | 4 |
_aINGLES - _xESTUDIO Y ENSEÑANZA - _xESTUDIANTES FRANCESES |
|
| 905 | _aLibro | ||
| 999 |
_c19896 _d19896 |
||